000 00656cam a22002293a 4500
001 32159
003 PGUSA
005 20140828083709.0
008 100428s2010||||xxu|||||s|||||000 | eng d
040 _aPGUSA
_beng
042 _adc
050 4 _aQH
100 1 _aBaker, Rollin H.
_q(Rollin Harold),
_d1916-2007
245 1 0 _aMammals from Southeastern Alaska
_h[electronic resource] /
_cRollin H. Baker
260 _bProject Gutenberg,
_c2010
506 _aPublic domain in the USA.
516 _aElectronic text
653 _aMammals -- Alaska
830 0 _aProject Gutenberg
_v32159
856 4 0 _uhttp://www.gutenberg.org/ebooks/32159
942 _cEB
999 _c261414
_d261414